Từ điển tin học điện tử viễn thông Anh - Việt và Việt Anh

Đã lưu trong:
書目詳細資料
格式: 圖書
語言:Undetermined
出版: Hà Nội Khoa học và Kỹ thuật 2002
主題:
標簽: 添加標簽
沒有標簽, 成為第一個標記此記錄!
Thư viện lưu trữ: Trung tâm Học liệu Trường Đại học Cần Thơ
LEADER 00595nam a2200181Ia 4500
001 CTU_93339
008 210402s9999 xx 000 0 und d
020 |c 340000 
082 |a 621.3903 
082 |b T550 
245 0 |a Từ điển tin học điện tử viễn thông Anh - Việt và Việt Anh 
260 |a Hà Nội 
260 |b Khoa học và Kỹ thuật 
260 |c 2002 
650 |a Electronics,Informatics,Telecommunication 
650 |x Dictionaries,Dictionaries,Dictionaries 
904 |i Năm 
980 |a Trung tâm Học liệu Trường Đại học Cần Thơ